| 000 | 01481nam a2200433 i 4500 | ||
|---|---|---|---|
| 001 | 39992 | ||
| 003 | KOSZ 005 | ||
| 005 | 20210202130233.0 | ||
| 008 | 010308s2000 pl a f |100 0 eng | ||
| 015 | _aPB 2001/7546 | ||
| 020 | _a8391107779 | ||
| 040 |
_aWA N _cWA N _dKOSZ 005/HR |
||
| 041 | 0 | _aeng | |
| 046 | _k2000 | ||
| 080 | _a628.1 | ||
| 080 | _a614.7 | ||
| 080 | _a(06) | ||
| 245 | 0 | 0 |
_aWater supply and water quality : _bIV Internationl Conference, Kraków - Poznań, Poland 2000 r. / _cred. Marek M. Sozański. |
| 260 |
_aPoznań : _bPolskie Zrzeszenie Inżynierów i Techników Sanitarnych. Oddział Wielkopolski, _c[2000]. |
||
| 300 |
_a1440 s. : _bil., mapy ; _c24 cm. |
||
| 336 |
_2rdacontent _aTekst _btxt |
||
| 337 |
_2rdamedia _aBez urządzenia pośredniczącego _bn |
||
| 338 |
_2rdacarrier _aWolumin _bnc |
||
| 380 | _aKsiążki | ||
| 380 | _aPublikacje naukowe | ||
| 388 | _a1901-2000 | ||
| 388 | _a1989-2000 | ||
| 500 | _aNa okł. podtyt.: conference proceedings : XVI-th National Conference. | ||
| 504 | _aBibliogr. przy mater. | ||
| 650 | 4 | _aWoda | |
| 650 | 4 | _aOchrona | |
| 650 | 4 | _aZaopatrzenie w wodę | |
| 655 | 4 | _aMateriały konferencyjne | |
| 658 | _aOchrona środowiska | ||
| 658 | _aInżynieria i technika | ||
| 700 | 1 |
_aSozański, Marek M. _d(1942- ) _eRedakcja |
|
| 856 |
_uhttp://koha.tu.koszalin.pl/cgi-bin/koha/opac-detail.pl?biblionumber=39992 _yKatalog online BPK |
||
| 942 |
_2UKD _cKS |
||
| 999 |
_c39992 _d39992 |
||